000
003250000a22001450004500
003
MACL
040
_a
MACL
090
_c
4740
_d
4739
100
_a
Shashi, S S
245
_a
Ambedkar and Social Justice
_b
Volume-1
260
_b
Director Publications Division
_c
1992
350
_a
280
650
_a
Biography
942
_c
BOOK
_k
920
999
_c
4702
_d
4702